000 00394nam a2200157Ia 4500
003 OSt
008 191201s2013 xx 000 0 und d
082 _a621.4022
_bSAF
100 _aSACHDEVA, RC
245 0 _aFundamentals of Engineering Heat and Mass Transfer
250 _aRep
260 _aNew Delhi
_bNew Age International
_c2013
300 _a674
650 _aB.Tech(ME)
942 _2ddc
_cBK
999 _c5617
_d5617